ZKM Gdynia - 84 - Statystyki

Ogólne statystyki
  • Ten quiz został rozwiązany 9 razy
  • Średni wynik to 8 z 15
Statystyki odpowiedzi
Miasto Przystanek Ulica % Poprawnych
Rumia Rumia Dworzec PKP Starowiejska
100%
Rumia Centrum Handlowe "Port Rumia" Grunwaldzka
60%
Rumia Derdowskiego - Dębogórska Derdowskiego
60%
Rumia Derdowskiego - Przychodnia Derdowskiego
60%
Rumia Rumia Partyzantów Partyzantów
60%
Rumia Stara Rumia Cmentarz Chełmińska
60%
Rumia Starowiejska - Poczta Starowiejska
60%
Rumia Świętopełka Mostowa
60%
Rumia Jeziorna Kosynierów
40%
Rumia Kościuszki - Kosynierów Kościuszki
40%
Rumia Napierskiego Kościuszki
40%
Rumia Partyzantów - Kościuszki Partyzantów
40%
Reda Reda Bosmańska Morska
40%
Rumia Wybickiego Wybickiego
40%
Rumia Zapolskiej Kosynierów
40%
Nie znaleziono quizów pasujących do podanych kryteriów
Rozkład punktacji
Procent ludzi z każdym wynikiem
Percentyl według liczby udzielonych odpowiedzi
Twoja historia wyników
Nie rozwiązałeś tego quizu